Minecraft Mobs: Horse - Statistics

General Stats
  • This quiz has been taken 9 times
  • The average score is 6 of 10
Answer Stats
Question Answer % Correct
What is the minimum number of health points a horse can have? 15
78%
What is the maximum number of health points a horse can have? 30
78%
What is one other item that can be fed to horses to heal them? Sugar | Wheat | Apple | Carrot | Hay Bale
78%
What is one base color a horse can have? White | Creamy | Chestnut | Brown | Black | Gray | Dark Brown
78%
What is one biome a horse can spawn in? Plains | Savanna | Savanna Plateau | Sunflower Plains | Windswept Savanna
67%
What is one structure a horse can generate in? Village
67%
What is an adult horse's height in blocks? 1.6
56%
What is one item that can be used to breed horses? Golden Carrot | Golden Apple | Enchanted Golden Apple
44%
What is an adult horse's width in blocks? 1.3965
11%
What is one pattern a horse can have? White Stockings and Blaze | White Field | White Spots | Black Dots
11%
No matching quizzes found
Score Distribution
Percent of People with Each Score
Percentile by Number Answered
Your Score History
You have not taken this quiz